000 00284nam a2200121Ia 4500
008 190216s9999||||xx |||||||||||||| ||und||
100 _aRuddar Dutt And Sundharam Kpm
245 0 _aIndian Economy
260 _bSudha Pubs Pvt Ltd
300 _a727p
650 _aEconomics
942 _cBK
999 _c9297
_d9297